000 00425nam a2200169Ia 4500
008 230524s9999 xx 000 0 und d
020 _a8122414478
082 _a621.382
_bSIS
100 _aM.L.Sisodia
245 0 _aMicrowave Active Devices Vacuum and Solid State
250 _a1ST
260 _aNEW DELHI
_bNew Age
_c2006
300 _aXVI;718
500 _aQuantity Number: 20
650 _aElectronics
942 _cBK
999 _c37055
_d37055